Nowá Pjseň o falessném Milowánj Ženského Pohlawj

Bibliographic Details
Corporate Author: Škarnicel, Jozef (Skalica, Slovensko) (Printer)
Other Authors: Škarnicel, Jozef, 1804-1877 (Printer)
Format: Book
Language:Slovak
Published: W Skalicy v F. X. Škarnicla Synů 1866
Subjects:

MARC

LEADER 00000nam a2200000 a 4500
001 vtls011753239
003 SK-MaSNL
005 20260302021009.0
008 200104s1866 xo a 0 an0 slo
015 |a SNBHFA1866 
035 |a urn:nbn:sk:snk-am00d3ih 
035 |a urn:nbn:sk:snk-am3hkfn 
035 |a 86462C65-DCEA-4707-B75E-0D2D196EE63C 
040 |a SNKHF  |b slo  |c SNK  |e AACR2 
041 0 |a slo 
044 |a xo  |c SK 
072 7 |a 09  |x Rukopisy, prvotlače, staré tlače. Vzácne a pozoruhodné diela  |2 konspekt 
080 |a 098:398.51  |2 1981 
130 0 |a Nowá  |9 304741 
245 1 0 |a Nowá Pjseň o falessném Milowánj Ženského Pohlawj 
260 |a W Skalicy  |b v F. X. Škarnicla Synů  |c 1866 
300 |a [8] s.  |c 11 cm 
500 |a Titulná strana s drevorezom 
501 |a Prív. 8. k: Nařjkánj Milownjka. Nowý Zpěw. W Skalicy : v F. X. Skarnycla Synů, 1866.  |5 SNK SE 146/1-23/prív.8 
546 |a Slovenčina  |b Fraktúra 
650 0 7 |a jarmočné tlače  |2 SNKPH  |9 256383 
700 1 |a Škarnicel, Jozef,  |d 1804-1877  |4 prt  |9 169168 
710 0 |a Škarnicel, Jozef (Skalica, Slovensko)  |4 prt  |9 271317 
752 |a Slovensko  |d Skalica 
852 |a SNK  |p SE 146/1-23/prív.8 
958 |a ONDV 
999 |c 1027113  |d 1029043 
952 |a SNK  |b SNK  |y PREZ  |7 0  |p 17A1300609  |o snkSE 146/1-23/prív.8  |i snk4853/28  |0 0  |1 0  |4 0  |d 2018-04-25  |f 1  |l 0  |r 2026-02-24 13:43:06  |w 2026-02-24